Introduction to Heat Transfer / (Record no. 2531)

000 -LEADER
fixed length control field 00595nam a2200217 a 4500
003 - CONTROL NUMBER IDENTIFIER
control field PK-NaQUE
005 - DATE AND TIME OF LATEST TRANSACTION
control field 20250918084330.0
008 - FIXED-LENGTH DATA ELEMENTS--GENERAL INFORMATION
fixed length control field 250123b ||||| |||| 00| 0 eng d
020 ## - INTERNATIONAL STANDARD BOOK NUMBER
International Standard Book Number 0471304581 (hardcover)
020 ## - INTERNATIONAL STANDARD BOOK NUMBER
International Standard Book Number 9780471304586 (hardcover)
040 ## - CATALOGING SOURCE
Transcribing agency QUEST
100 1# - MAIN ENTRY--PERSONAL NAME
Personal name Incropera, Frank P.
245 10 - TITLE STATEMENT
Title Introduction to Heat Transfer /
250 ## - EDITION STATEMENT
Edition statement 3rd ed.
260 ## - PUBLICATION, DISTRIBUTION, ETC. (IMPRINT)
Place of publication, distribution, etc [S.l.] :
Name of publisher, distributor, etc Wiley,
Date of publication, distribution, etc 1996.
300 ## - PHYSICAL DESCRIPTION
Extent 832 p. ;
650 ## - SUBJECT ADDED ENTRY--TOPICAL TERM
Topical term or geographic name as entry element Heat Transfer
700 1# - ADDED ENTRY--PERSONAL NAME
Personal name DeWitt, David P.
856 40 - ELECTRONIC LOCATION AND ACCESS
Uniform Resource Identifier http://10.10.170.122:8080/browse/book/26327
Link text Download eBook
942 ## - ADDED ENTRY ELEMENTS (KOHA)
Koha item type Books
Source of classification or shelving scheme
Holdings
Withdrawn status Lost status Damaged status Not for loan Permanent Location Current Location Date acquired Cost, normal purchase price Full call number Barcode Date last seen Price effective from Koha item type Total Checkouts Checked out Date checked out Shelving location
        Central Library, QUEST, Nawabshah Central Library, QUEST Campus, Larkano 2015-11-11 166.42 621.4022INC 12711 2024-10-04 2015-11-11 Books 2 2024-10-04 2024-10-04  
        Central Library, QUEST, Nawabshah Central Library, QUEST Campus, Larkano 2015-11-11 166.42 621.4022INC 12712 2024-08-30 2015-11-11 Books 1 2024-09-29 2024-08-30  
        Central Library, QUEST, Nawabshah Central Library, QUEST, Nawabshah 2015-11-11 166.42 621.4022INC 12710 2015-11-11 2015-11-11 Books        
        Central Library, QUEST, Nawabshah Central Library, QUEST, Nawabshah 2016-06-28   621.4022INC 11688 2016-06-28 2016-06-28 Books        
        Reference Section Reference Section 2015-12-22   621.4022INC (Shelf - 64A) 25614 2025-01-23 2025-01-23 Books       Reference

Copyright © 2018,The QUEST, Nawabshah, Shaheed Benazirabad. All rights reserved
Mr. G. Farooq Channar (Librarian) QUEST, Nawabshah, Sindh, Pakistan 67480.
 Ph#: |   0244-9370381-4 Ext. 2308   Email| lib@quest.edu.pk   Web|  http://www.quest.edu.pk